100 cartoon by one of the character name - Statistics

General Stats
  • This quiz has been taken 55 times
    50 since last reset
  • The average score is 31 of 100
Answer Stats
Hint Answer % Correct
Patrick star Spongebob Squarepants
94%
Shaggy Scooby Doo
81%
Buzz lightyear Toy story
78%
Simba The Lion King
75%
Homer simpsons The simpsons
75%
Stitch Lilo And Stitch
72%
Princess bubblegum Adventure time
66%
Disney Mascot (Bonus) Mickey Mouse
66%
Doofenshmirtz Phineas and Ferb
66%
Rigby Regular Show
66%
Steven Steven Universe
66%
Darwin watterson The Amazing World Of Gumball
66%
Smurfette The Smurfs
66%
Morty Rick and Morty
63%
Donkey Shrek
63%
Stewie Family guy
59%
Elmo Sesame Street
59%
Baymax Big Hero 6
56%
Gru Despicable me
56%
Tow mater Cars
53%
Gruncle stan Gravity Falls
53%
Johnny Bravo Johnny Bravo
53%
Daffy Duck Looney tunes
53%
Mojo Jojo Powerpuff girls
53%
Lincoln loud The Loud House
50%
Judy hopps Zootopia
50%
Clarence Clarence
47%
Hiccup How to train your dragon
47%
Oogway Kungfu Panda
47%
Fred Flinstone The Flinstones
47%
Vanellope Wreck it ralph
47%
Aang Avatar the last airbender
44%
Scrooge Mcduck Ducktales
44%
Lingguini Ratatouille
44%
Tails Sonic the Hedgehog
44%
Eric Cartman South Park
44%
George Jetson The Jetsons
44%
Gwen Tennyson Ben 10
41%
Bing Bong Inside Out
41%
Dee Dee Dexter’s laboratory
38%
Wanda The fairly oddparents
38%
Charlie Brown The Peanuts
38%
Miguel Coco
34%
Mavis Hotel transylvania
34%
Shego Kim Possible
34%
Flint Lockwood Cloudy with a Chance of Meatballs
31%
Pomni The Amazing Digital circus
31%
Pizza Steve Uncle Grandpa
31%
Ice bear We bare bears
31%
Stan Smith American Dad
28%
Leela Futurama
28%
Chuckie finster Rugrats
28%
Helga P. Pataki Hey Arnold
25%
Alex Madagascar
25%
Nigel Thornberry The Wild Thornberrys
25%
Carl Fredricksen Up
25%
Buster Moon Sing
22%
Slade Teen Titans go
22%
Yakko warner Animaniacs
19%
Eustache Courage the cowardly dog
19%
Charlie Morningstar Hazbin Hotel
19%
Mandy The Grim Adventures of Billy and Mandy
19%
Bandit Heeler Bluey
16%
Frankie Foster Foster's Home for Imaginary Friends
16%
Bluto Popeye the sailor
16%
Otis Barnyard
13%
Panini Chowder
13%
Adrien Agreste Miraculous Ladybug
13%
Dean Venture The Venture Bros
13%
Todd Chavez Bojack Horseman
9%
Dukey Johnny test
9%
Hal stewart Megamind
9%
Carl wheezer The adventures of jimmy neutron
9%
Duke The secret life of pets
9%
Bowser The Super Mario Bros. Movie
9%
Captain HeroPrincess Clara Xandir P Wifllebottom Foxxy love Toot Braunstein Wooldoor Sockbat Spanky Ham Ling Ling Drawn together
6%
Sullivan Monster inc
6%
Heffer Wolfe Rocko's Modern Life
6%
Diane Foxington The bad guys
6%
Timmy templeton The boss baby
6%
Captain K’nuckels The Marvelous Misadventures of Flapjack
6%
Madeline fenton Danny phantom
3%
Flippy Happy Tree Friends
3%
Jennifer Wakeman My Life as a Teenage Robot
3%
Ashi Samurai Jack
3%
Marco Diaz Star vs the force of evil
3%
Powdered toastman The ren and stimpy show
3%
Nibbles Tom and jerry
3%
Cody Total Dramarama
3%
Sylvia Wonder over yonder
3%
Rudy tabootie Chalkzone
0%
Kuki Sanban Codename: Kids next door
0%
Kelsey Bern Craig of the creek
0%
Lorax Dr seuss the lorax
0%
Zim Ivander Zim
0%
Tommy Goodman Mr Pickles
0%
Marky Oggy and The cockroaches
0%
Oblina Real monsters
0%
Leonardo Teenage Muntant Ninja Turtle
0%
Mowgli The Junggle Book
0%
No matching quizzes found
Score Distribution
Percent of People with Each Score
Percentile by Number Answered
Your Score History
You have not taken this quiz since the last reset